000 00520cam a2200145 4500500
005 20260208002342.0
041 _afre
042 _adc
100 1 0 _aLézé, Samuel
_eauthor
245 0 0 _aDaniel Céfaï, L’Enquête de terrain, Paris, La Découverte, 2003, 624 p., notes bibliogr. («Recherches»)
260 _c2005.
500 _a94
786 0 _nL'Homme | 175-176 | 3 | 2005-07-01 | p. 475e-572e | 0439-4216
856 4 1 _uhttps://shs.cairn.info/revue-l-homme-2005-3-page-475e?lang=fr&redirect-ssocas=7080
999 _c1645974
_d1645974